Pays de l'Union Européenne : Informations de base ! - Statistiques

Statistiques générales
  • Ce quiz a été pris 92 fois
    68 depuis la dernière actualisation
  • Le résultat moyen est 90 sur 200
Statistiques - réponses
ALLEMAGNE Réponses % Correct
Monnaie Euro
98%
Langue | Langue 1 Allemand
95%
Capitale Berlin
95%
Langue | Langue 2 Français
89%
Capitale Bruxelles
78%
Fête nationale 14 juillet
75%
Langue | Langue 3 Néerlandais
74%
Capitale Rome
74%
Capitale Vienne
74%
Capitale Paris
72%
Langue 1 Anglais
71%
Langue | Langue 1 Grec
69%
Langue Italien
69%
Langue Espagnol
68%
Capitale Madrid
68%
Année d'adhésion 1957
66%
Capitale Athènes
65%
Langue Croate
65%
Langue Letton
65%
Capitale Amsterdam
62%
Capitale Dublin
62%
Capitale Lisbonne
62%
Capitale Copenhague
60%
2e ville la plus peuplée Marseille
60%
Capitale Sofia
60%
Capitale Zagreb
60%
Année d'adhésion 2004
58%
Année d'adhésion 2007
58%
Année d'adhésion 2013
58%
Langue Bulgare
58%
Langue Danois
58%
Langue Estonien
58%
Langue Portugais
58%
Année d'adhésion 1995
57%
Capitale Budapest
57%
Capitale Luxembourg
57%
Langue Suédois
57%
Capitale Bucarest
55%
Capitale Helsinki
55%
Langue Lituanien
55%
2e ville la plus peuplée Milan
55%
Langue Roumain
55%
Capitale Stockholm
55%
Année d'adhésion 1986
54%
Langue Hongrois
54%
Langue Polonais
54%
Langue Tchèque
54%
Capitale Varsovie
54%
Année d'adhésion 1973
52%
Langue Slovaque
52%
Année d'adhésion 1981
51%
2e ville la plus peuplée Barcelone
51%
Langue Finnois
51%
Langue 2 Irlandais
51%
Capitale Riga
51%
Langue Slovène
51%
2e ville la plus peuplée Porto
49%
Capitale Prague
49%
Capitale La Valette
48%
Capitale Tallinn
46%
Capitale Vilnius
46%
Capitale Nicosie
43%
Langue 2 Maltais
42%
Langue 2 Turc
40%
Capitale Bratislava
38%
2e ville la plus peuplée Hambourg
38%
Langue 3 Luxembourgeois
38%
Capitale Ljubljana
37%
Monnaie Couronne danoise
35%
2e ville la plus peuplée Cracovie
35%
2e ville la plus peuplée Rotterdam
35%
Nom de la subdivision de 1er niveau | Nom de la subdivision de 1er niveau Land
31%
Nom de la subdivision de 1er niveau Région
31%
Monnaie Couronne suédoise
29%
Fête nationale 3 octobre
25%
Fête nationale 21 juillet
23%
Fête nationale 17 mars
20%
2e ville la plus peuplée Cork
20%
2e ville la plus peuplée Split
20%
2e ville la plus peuplée Thessalonique
20%
Fête nationale 2 20 août
18%
Fête nationale 2 juin
18%
Fête nationale 3 mai
18%
Fête nationale 3 mars
18%
Fête nationale 12 octobre
17%
Fête nationale 1 15 mars
17%
Fête nationale 3 23 octobre
17%
Fête nationale 6 décembre
17%
Fête nationale 10 juin
15%
Fête nationale 16 février
15%
Fête nationale 18 novembre
15%
Fête nationale 21 septembre
15%
Fête nationale 23 juin
15%
Fête nationale 24 février
15%
Fête nationale 25 mars
15%
Fête nationale 26 octobre
15%
Fête nationale 1 27 avril
15%
Fête nationale 28 octobre
15%
Fête nationale 5 juin
15%
Fête nationale 6 juin
15%
2e ville la plus peuplée Goteborg
15%
Fête nationale 25 juin
14%
Fête nationale 2 4 mai
14%
Fête nationale 3 5 mai
14%
Monnaie Couronne tchèque
14%
Monnaie Lev
14%
Nom de la subdivision de 1er niveau Canton
12%
2e ville la plus peuplée Gand
12%
Nom de la subdivision de 1er niveau Province
12%
Monnaie Forint
11%
2e ville la plus peuplée Graz
11%
Monnaie Zloty
11%
2e ville la plus peuplée Brno
9%
2e ville la plus peuplée Cluj
9%
Nom de la subdivision de 1er niveau Comté
9%
2e ville la plus peuplée Maribor
9%
2e ville la plus peuplée Aarhus
8%
Monnaie Leu
8%
Fête nationale 1er décembre
6%
Nom de la subdivision de 1er niveau Communautés autonomes
6%
2e ville la plus peuplée Daugavpils
6%
Nom de la subdivision de 1er niveau District
6%
Fête nationale 1er janvier
5%
Fête nationale 1er octobre
5%
Nom de la subdivision de 1er niveau Commune
5%
2e ville la plus peuplée Kaunas
5%
2e ville la plus peuplée Limassol
5%
Nom de la subdivision de 1er niveau Oblast
5%
2e ville la plus peuplée Tampere
5%
Nom de la subdivision de 1er niveau Comitat
3%
2e ville la plus peuplée Esch-sur-Alzette
3%
2e ville la plus peuplée Kosice
3%
2e ville la plus peuplée Plovdiv
3%
Nom de la subdivision de 1er niveau Voïvodie
3%
2e ville la plus peuplée Debrecen
2%
Nom de la subdivision de 1er niveau Municipalités
2%
2e ville la plus peuplée Tartu
2%
Nom de la subdivision de 1er niveau Apskrity
0%
Nom de la subdivision de 1er niveau Conseils locaux
0%
2e ville la plus peuplée Iz-Zurrieq
0%
Nom de la subdivision de 1er niveau Maakonnad
0%
Nom de la subdivision de 1er niveau Périphérie
0%
Aucun quiz correspondant
Distribution des résultats
% des personnes avec chaque résultat
Percentile par nombre de réponses
Votre historique - résultats
Vous n’avez pas pris ce quiz depuis la dernière actualisation